000 01092nam a22002537a 4500
005 20170502100218.0
010 _a1617EN ENG-116906
020 _a9780198086949
_c775.00
035 _aB-651419-428
035 _aB-666221
035 _aEN-100438
037 _bPragati
_adpl
037 _bDBAD/PUB
082 _a624.18341
100 _aSubramnian, N.
245 _aDesign of reinforete concrete strructures /
_cby N.Subramnian
260 _c2016 (rpt)
_aNew Delhi
_bOxford University Press
270 _aYMCA Library Building, 1, Jai Singh Road,
_bNew Delhi
_e110001.
300 _c25cm(pbk)
_axxi, 857p.
_b illus.
500 _aIncludes bibliographical references and index
942 _cEN
_2ddc
_h624.18341
_mSUB
999 _c102400
_d102400